000 00517nam a2200205Ia 4500
005 20240823035921.0
008 240823s9999||||xx |||||||||||||| ||und||
020 _a978-81-259-154-61
041 _aENGLISH
082 _A624.17 N9
100 _aJaya Gopal L S
245 0 _aBasic Civil & Mechanical Engineering
250 _a1st
260 _c1999
_b"Vikas Pub.,New "
_aNew Delhi
500 _aTRANSFERED
650 _aCivil& Mechanical
_bCivil
700 _a Rudramoorthy R
942 _cBK
999 _c201834
_d201834